000 00712nam a2200253Ia 4500
003 OSt
005 20221006150909.0
006 a|||||r|||| 00| 0
007 ta
008 221006b |||||||| |||| 00| 0 jpn d
020 _cY5500
024 _a20,148
037 _bGift, Japan Foundation
_cTextual
040 _aEASL
_cEASL
_bjpn
041 _2jpn
_ajpn
082 _aX:(B28).42.M68, L4
100 _aOKHAWA Kazushi etc.
_9657918
245 0 _aKokumin shotoku
_b V.1
260 _aTokyo
_bToyo Keizai Shimposha
_c1974
300 _a262p.
_ccm.
650 _aJL
942 _hX:(B28).42.M68, L4
_cTEXL
_2CC
999 _c1088234
_d1088234